Efektívnosť bánk SR: Hodnotenie použitím Obalovej analýzy dát (DEA) a OLS regresie diplomová práca

Gespeichert in:
Bibliographische Detailangaben
1. Verfasser: Reichstädterová, Ivana
Körperschaft: Podnikovohospodárska fakulta EU so sídlom v Košiciach. Katedra hospodárskej informatiky a matematiky
Weitere Verfasser: Čonková, Monika, 1976-
Format: Buch
Sprache:Slowakisch
Veröffentlicht: Košice 2013
Tags: Tag hinzufügen
Keine Tags, Fügen Sie das erste Tag hinzu!

MARC

LEADER 00000nbm a2200000 4500
001 0170305
005 20161109102336.5
041 0 |a slo 
044 |a SK 
245 1 0 |a Efektívnosť bánk SR: Hodnotenie použitím Obalovej analýzy dát (DEA) a OLS regresie  |b diplomová práca  |c Ivana Reichstädterová ; školiteľ: Monika Čonková 
264 1 |a Košice  |c 2013 
300 |a 60 s. 
100 1 |a Reichstädterová, Ivana 
700 1 |a Čonková, Monika, 1976- 
710 2 |a Podnikovohospodárska fakulta EU so sídlom v Košiciach. Katedra hospodárskej informatiky a matematiky